| 000 | 00357nam a2200121Ia 4500 | ||
|---|---|---|---|
| 008 | 220204s9999 xx 000 0 und d | ||
| 082 |
_a339.138:001.814 _bTUL |
||
| 100 | _aHawkins, Del | ||
| 245 | 0 | _aMarketing research: Meaning, measurement, and method: A textbook with cases | |
| 260 |
_aLondon _bMacmillan _c1976 |
||
| 700 | _aTull, Donald S | ||
| 942 | _cBK | ||
| 999 |
_c25563 _d25563 |
||